01085nam a22001817a 45000010005000000030006000050050017000110080041000280200018000690400029000870820008001161000017001242450050001412500025001912600054002163000049002705200584003195715FISKH20250115162752.0250115b cb ||||| |||| 00| 0 eng d a9781107612334 aFISKHbengcFISKHdFISKH a330 aGrant, Susan aCambridge IGCSE : Economics /cby Susan Grant aFirst published 2014 aCambridge : bCambridge University Press ;c2014. a571 pages : bcolor illustrations ;c25 cm . aEndorsed by Cambridge International Examinations, Cambridge IGCSE Economics covers the Cambridge syllabus (0455). The book draws extensively on real world examples to explore economic concepts, theories and issues. Each of the 52 units deals with a specific topic in a lucid and pertinent manner. A number of activities, based on examples from around the world, are designed to facilitate students' easy understanding of the contents. There is a range of questions both at the end of units and at the end of each of the eight sections to assess students' progress in the subject.